000 00260nam a2200109Ia 4500
008 210107s9999 xx 000 0 und d
100 _aRastogi, J L
245 0 _aOrganizational Behaviour
260 _aJaipur
_bRawat Publications
300 _a244
942 _cBK
999 _c11602
_d11602